000 01531cam a2200169 4500500
005 20260208003708.0
041 _afre
042 _adc
100 1 0 _aBret, Cyrille
_eauthor
245 0 0 _aBioéthique et post-humanité
260 _c2004.
500 _a43
520 _aDans les Mémorables, Socrate exhorte ses compagnons à vivre kata dunamin. Or il est possible de distinguer deux emplois assez différents de cette expression ; en effet, la dunamis que l’on doit respecter et en fonction de laquelle l’on doit vivre désigne tantôt les ressources matérielles, tantôt la compétence technique dans un domaine précis. Le premier emploi concerne le régime de vie de chacun, l’aide aux amis et les offrandes aux dieux, alors que le second emploi est directement lié au thème de la connaissance de soi.
520 _aIn the Memorabilia, Socrates urges his companions to live kata dunamin. This expression can be used in two very different ways. Sometimes the dunamis that we must respect and in accordance to which we must lead our lives refers to material resources, and sometimes it refers to expert knowledge in a specific field. The first usage concerns our way of life, our assistance to our friends and our offerings to the gods. The second usage ties in directly with the theme of self-knowledge.
786 0 _nLes Études philosophiques | 69 | 2 | 2004-06-01 | p. 253-264 | 0014-2166
856 4 1 _uhttps://shs.cairn.info/revue-les-etudes-philosophiques-2004-2-page-253?lang=fr&redirect-ssocas=7080
999 _c1648524
_d1648524